| 000 | 00926nam a2200217Ia 4500 | ||
|---|---|---|---|
| 999 |
_c37715 _d37715 |
||
| 001 | 3690 | ||
| 003 | GE_BSU | ||
| 005 | 20190524184151.0 | ||
| 008 | 181216s1980||||ge |||||||||||||| ||geo|| | ||
| 040 | _cGE_BSU | ||
| 041 | _ageo | ||
| 080 | _a519.21(075.8) ვ-33 | ||
| 100 |
_aვენტცელი, ე. _91612 |
||
| 245 |
_aალბათობის თეორია : სახელმძღვ. / _cე. ვენტცელი ; რედ : ნ.გვანცალაძე ; რ.დანელია . |
||
| 264 |
_aთბილისი : _bგანათლება, _c1980. |
||
| 300 |
_a622 გვ .: _c22სმ. _eდანართი : გვ. 618-620. |
||
| 653 | _aალბათობის თეორია | ||
| 700 |
_aგვანცალაძე, ნ _eრედაქტორი _91613 |
||
| 700 |
_aდანელია, რ _e რედაქტორი _91505 |
||
| 942 |
_cBK _2udc |
||